000 00392nam a22001697a 4500
999 _c4194
_d4193
005 20210907153555.0
008 160627b xxu||||| |||| 00| 0 eng d
020 _a0-07-462320-6
041 _aeng
082 _b10271
100 _aRelczar, Michael J (Jr) and others
_92897
245 _aMicrobiology
260 _bTMH
_c2003
300 _a876
650 _aAgriculture
_92837
942 _cBK